| 000 | 00986nam a2200217Ii 4500 | ||
|---|---|---|---|
| 003 | JO-AjNU | ||
| 008 | 230605s9999||||xx |||||||||||||| ||und|| | ||
| 017 | _a2010/11688 | ||
| 040 |
_aJO-AjNU _bara _erda _cJO-AjNU |
||
| 041 | _aara | ||
| 050 | 1 | 4 | _aHD7105.45.A65.I33 2011 |
| 100 | 3 |
_aالمنظمة العربية للتنمية الادارية ، اعمال مؤتمرات, _eauthor _934435 |
|
| 245 | 0 | 0 | _aإدارة صناديق التأمين والمعاشات : بحوث وأوراق عمل |
| 264 | 3 | 1 | _aالقاهرة : المنظمة العربية للتنمية الإدارية، 2011 |
| 300 |
_a406ص _bيحتوي على جداول |
||
| 336 |
_atext _btxt _2rdacontent |
||
| 337 |
_aunmediated _bn _2rdamedia |
||
| 338 |
_avolume _bnc _2rdacarrier |
||
| 490 | 0 | _aاعمال مؤتمرات، منشورات المنظمة العربية للتنمية الادارية | |
| 650 | 4 |
_aصناديق المعاشات التقاعدية - الدول العربية _934436 |
|
| 999 |
_aA14120 _c17688 _d17688 |
||